| 000 | 00440nam a22001577a 4500 | ||
|---|---|---|---|
| 008 | 240321b |||||||| |||| 00| 0 eng d | ||
| 020 | _a9780844258119 | ||
| 050 |
_aPE 148 .S 74 1995 _b1 |
||
| 100 | _aSTEINMANN MICHAEL | ||
| 245 | _aNTC'S HANDBOOK FOR WRITERS | ||
| 260 |
_aLINCOLINWOOD (CHICAGO) ILLINOIS _bNTC PUBLISHING GROUP _c1995 |
||
| 300 | _aXX, 348PILL | ||
| 650 | _a94-66704 | ||
| 700 | _aKELLER MICHAEL | ||
| 942 |
_2lcc _cBK |
||
| 999 |
_c209588 _d209588 |
||